| 000 | 00529nam a22001937a 4500 | ||
|---|---|---|---|
| 999 |
_c252821 _d252820 |
||
| 003 | OSt | ||
| 005 | 20200318122342.0 | ||
| 008 | 160307b xxu||||| |||| 00| 0 eng 3 | ||
| 010 | _a2008023705 | ||
| 020 | _a9780136151937 | ||
| 040 | _cN/A | ||
| 050 |
_aPE1441 _b.G34 2008 |
||
| 100 | _aGaetz, Lynne & Suneeti Phadke | ||
| 245 | _aThe Writer's World : sentences & paragraphs | ||
| 250 | _a2nd ed. | ||
| 260 |
_aUpper Saddle River, NJ _bpearson education/prentice hall _c2008 |
||
| 300 |
_axii,499p _bill. |
||
| 942 |
_2lcc _cBK |
||